En la ciudad / (Registro nro. 12471)
[ vista simple ]
| 000 -LIDER | |
|---|---|
| fixed length control field | 00601nam a22002057a 4500 |
| 003 - IDENTIFICACDOR DE NÚMERO DE CONTROL | |
| control field | DO-SdBNP |
| 005 - DATE AND TIME OF LATEST TRANSACTION | |
| control field | 20180221100740.0 |
| 008 - ELEMENTOS DE LONGITUD FIJA | |
| fixed length control field | 170116b 1995 xx ||| 00| 0 spa d |
| 020 ## - ISBN | |
| International Standard Book Number | 0590265482 |
| 040 ## - FUENTE DE CATALOGACIÓN | |
| Enlace | BPMSU |
| Campo enlazado y núm. de secuencia | spa |
| Agencia que crea de manera original el registro | BPMSU |
| Agencia que realiza la transcripción | dr |
| 100 ## - ASIENTO PRINCIPAL -- NOMBRE PERSONAL | |
| Nombre personal | Pasternac, Susana |
| 245 ## - MENCIÓN DE TITULO | |
| Título | En la ciudad / |
| Medio (Designación general de material) | Susana Pasternac ; ilustraciones Denise y Fernando |
| 260 ## - PUBLICACIÓN, DISTRIBUCIÓN, ETC. (PIE DE IMPRENTA) | |
| Lugar de publicación, distribución, etc | New York : |
| Nombre del editor, distribuidor, etc. | Scholastic, |
| Fecha de publicación, distribución, etc | 1995 |
| 300 ## - DESCRIPCIÓN FÍSICA | |
| Extensión | 16 p. : |
| Otros detalles físicos | il. ; |
| Dimensiones | 23 cm. |
| 700 0# - ASIENTO SECUNDARIO -- NOMBRE PERSONAL | |
| Nombre personal | Denise |
| Mención de responsabilidad | il. |
| 700 0# - ASIENTO SECUNDARIO -- NOMBRE PERSONAL | |
| Nombre personal | Fernando |
| Mención de responsabilidad | il. |
| 942 ## - ADDED ENTRY ELEMENTS (KOHA) | |
| Source of classification or shelving scheme | Dewey Decimal Classification |
| Koha item type | Libros |
| 945 ## - INFORMACIÓN DE PROCESAMIENTO LOCAL | |
| Información de procesamiento local | Inventariado, 2018/MFF |
| 956 ## - LOCAL ELECTRONIC LOCATION AND ACCESS (OCLC) | |
| Nombre de host | VMATEO |
| Número de acceso | 10 |
| Información de compresión | 20171016 |
| Trayectoria | BPMSU |
| Nombre Electrónico | 0069 |
| Withdrawn status | Lost status | Source of classification or shelving scheme | Damaged status | Not for loan | Collection code | Home library | Current library | Date acquired | Source of acquisition | Total Checkouts | Barcode | Date last seen | Copy number | Price effective from | Koha item type |
|---|---|---|---|---|---|---|---|---|---|---|---|---|---|---|---|
| Dewey Decimal Classification | Colección Infantil General | Biblioteca Pública Metropolitana Salomé Ureña | Biblioteca Pública Metropolitana Salomé Ureña | 01/16/2017 | Movimiento Ocho | BPMSU17010052 | 01/16/2017 | Inventariado, 2018/MFF | 01/16/2017 | Libros |